| 000 | 01218nam a2200253Ia 4500 | ||
|---|---|---|---|
| 003 | OSt | ||
| 005 | 20201013123516.0 | ||
| 008 | 191128s1986 ck gr 000 0 spa d | ||
| 020 | _a9580408238 | ||
| 040 |
_aCO-JMCR _cCO-JMCR |
||
| 041 | 0 | _aspa | |
| 082 | 0 | 4 |
_a658.4 / _bB877t _223 |
| 100 | 1 |
_aBrown, W. Steven, _eautor _911393 |
|
| 245 | 1 | 3 |
_a13 errores fatales en que incurren los gerentes : _by como evitarlos / _cW. Steven Brown; tradutor Carlos Garcés C. |
| 260 |
_aBogotá : _bNorma, _c1986. |
||
| 300 |
_a242 páginas ; _c19 cm. |
||
| 505 | 0 | _aRehusar responsabilizarse -- Fallar en promover el desarrollo de la gente -- Tratar de controlar los resultados en lugar de influir en el pensamiento -- Juntarse con el grupo inapropiado -- Dirigir a todos las personas de la misma maneras | |
| 520 | 0 | _aEste libro es el fruto de la experiencia de muchos años vivida por un miembro del equipo Fortune, a quien su contante desempeño de asesor de empresas en todo el mundo y su permante contacto con el mundo empresarial le confieren autoridad. | |
| 650 | 2 | 4 |
_aGerentes _911394 |
| 650 | 2 | 4 |
_aLiderazgo _911395 |
| 650 | 2 | 4 |
_aÉxito _911396 |
| 700 | 1 |
_aGarcés C., Carlos, _etraductor _911397 |
|
| 942 |
_2ddc _cBK |
||
| 999 |
_c3430 _d3430 |
||